Africa since 1875 : a modern history

Αποθηκεύτηκε σε:
Λεπτομέρειες βιβλιογραφικής εγγραφής
Κύριος συγγραφέας: Hallett, Robin
Μορφή: Βιβλίο
Γλώσσα:English
Δημοσίευση: Ann Arbor : University of Michigan Press, 1974.
Σειρά:(University of Michigan history of the modern world)
Θέματα:
Ετικέτες: Προσθήκη ετικέτας
Δεν υπάρχουν, Καταχωρήστε ετικέτα πρώτοι!

MARC

LEADER 00000cam a2200000 a 4500
001 1/113281
008 170308s1974####miu| ||| |||| ||eng||
040 |a GR-MyUa  |b gre  |c GR-MyUa  |e AACR2 
041 0 |a eng 
082 7 |a 960.3   |2 (23) 
100 1 |a Hallett, Robin. 
245 1 0 |a Africa since 1875 :   |b a modern history /   |c by Robin Hallett.  
260 |a Ann Arbor :   |b University of Michigan Press,   |c 1974.  
300 |a xi, 807 σ. ;   |c 25 εκ.  
490 0 |a (University of Michigan history of the modern world) 
504 |a Βιβλιογραφία: σ.[773]-807.  
651 0 |a Africa  |x History  |y 1884-1960. 
651 0 |a Africa  |x History  |y 1960- 
852 |a INST  |b LESVOS  |e 20170308  |h 960.3 HAL  |p 005100058844  |q 005100058844  |t BK  |y 0 
970 |a Τζζφέρη  |b Ευαγγελία  |z 08-03-2017